Modern concepts of hospital administration /

Saved in:
Bibliographic Details
Other Authors: Owen, Joseph Karlton, 1917-
Format: Book
Language:English
Published: Philadelphia : Saunders, 1962.
Subjects:
LEADER 01059nam a22002774a 4500
001 c000327383
003 CARM
005 00000000000000.0
008 780412s1962 paua b 00010 eng
010 |a 61014311 /L 
019 1 |a 1190691  |5 LACONCORD2021 
035 |a (OCoLC)1287085  |5 LACONCORD2021 
040 |c ICU  |d NNCU  |d SRGH 
050 0 0 |a RA971  |b .O9 
082 1 |a 362.11  |2 19 
245 1 0 |a Modern concepts of hospital administration /  |c edited by Joseph Karlton Owen, with the coordinative assistance of Robert K. Eisleben. 
260 |a Philadelphia :  |b Saunders,  |c 1962. 
300 |a 823 p. :  |b ill. ;  |c 26 cm. 
504 |a Includes bibliography. 
650 0 |a Hospitals  |x Administration. 
650 0 |a Hospitals  |x Business management. 
650 2 |a Hospital administration. 
700 1 |a Owen, Joseph Karlton,  |d 1917- 
852 8 |b CARM  |h A1:AL32D0  |i C10520  |p 0465952  |f BK 
999 f f |i b5caafc5-aab1-512b-93bc-9794fa647b50  |s 9bcf63b7-4dd0-5e6e-abf1-044383771e43 
952 f f |p Can circulate  |a CAVAL  |b CAVAL  |c CAVAL  |d CARM 1 Store  |e C10520  |f A1:AL32D0  |h Other scheme  |i book  |m 0465952